00262nam a2200097 a 450000500170000000800410001705000190005810000230007724500240010026000400012420140414132113.0110805s19uu xx 00 eng d aERbWh556 1988 aMoncure, Jane Belk aWhere is baby bear. aUSA :bThe Children's world,c1988.